[Event "Cairnhill op 21st"]
[Site "Singapore"]
[Date "2003.12.13"]
[Round "9"]
[White "Ong, Chong Ghee"]
[Black "Gokhale, Chandrashekhar"]
[Result "1/2-1/2"]
[WhiteElo "2328"]
[BlackElo "2379"]
[PlyCount "36"]
[EventDate "2003.12.07"]
[EventType "swiss"]
[EventRounds "9"]
[EventCountry "SIN"]
[SourceTitle "CBM 097 Extra"]
[Source "ChessBase"]
[SourceDate "2004.01.13"]
[SourceVersion "1"]
[SourceVersionDate "2004.01.13"]
[SourceQuality "1"]

1. e4 e5 2. Nf3 Nc6 3. Bc4 Bc5 4. c3 Qe7 5. d4 Bb6 6. d5 Nb8 7. d6 Qxd6 8. Qxd6 cxd6 9. Na3 Na6 10. Nb5 Kd8 11. Nh4 g6 12. f4 Nc5 13. Rf1 f6 14. Bd5 Nd3+ 15. Ke2 Nxc1+ 16. Raxc1 a6 17. Na3 Rb8 18. Nc4 Ba7 1/2-1/2

[Event "Cairnhill op 21st"]
[Site "Singapore"]
[Date "2003.12.11"]
[Round "6"]
[White "Ong, Chong Ghee"]
[Black "Tan, Chor Chuan"]
[Result "1-0"]
[WhiteElo "2328"]
[BlackElo "2202"]
[PlyCount "63"]
[EventDate "2003.12.07"]
[EventType "swiss"]
[EventRounds "9"]
[EventCountry "SIN"]
[SourceTitle "CBM 097 Extra"]
[Source "ChessBase"]
[SourceDate "2004.01.13"]
[SourceVersion "1"]
[SourceVersionDate "2004.01.13"]
[SourceQuality "1"]

1. e4 c5 2. Nf3 Nc6 3. Bb5 g6 4. 0-0 Bg7 5. Re1 d6 6. h3 Bd7 7. c3 e6 8. d4 Qb6 9. Na3 cxd4 10. Nc4 Qc7 11. cxd4 a6 12. Bxc6 Qxc6 13. b3 b5 14. d5 Qc7 15. dxe6 bxc4 16. exd7+ Qxd7 17. Bf4 Ne7 18. Rc1 cxb3 19. Qxb3 0-0 20. Rcd1 Nc8 21. Bxd6 Nxd6 22. e5 Bxe5 23. Nxe5 Qc7 24. Ng4 Rab8 25. Qg3 Nb5 26. Qh4 Qc3 27. Nf6+ Kg7 28. Nd7 Qc6 29. a4 Nc7 30. Qd4+ f6 31. Rc1 Ne6 32. Qa7 1-0

[Event "Cairnhill op 21st"]
[Site "Singapore"]
[Date "2003.12.10"]
[Round "5"]
[White "Tu, Hoang Thai"]
[Black "Ong, Chong Ghee"]
[Result "1-0"]
[WhiteElo "2396"]
[BlackElo "2328"]
[PlyCount "93"]
[EventDate "2003.12.07"]
[EventType "swiss"]
[EventRounds "9"]
[EventCountry "SIN"]
[SourceTitle "CBM 097 Extra"]
[Source "ChessBase"]
[SourceDate "2004.01.13"]
[SourceVersion "1"]
[SourceVersionDate "2004.01.13"]
[SourceQuality "1"]

1. d4 Nf6 2. Nf3 g6 3. Bg5 Bg7 4. e3 d6 5. Bd3 0-0 6. 0-0 Nbd7 7. c3 e5 8. Nbd2 h6 9. Bh4 Qe7 10. e4 Re8 11. Re1 Qf8 12. Rc1 Nh5 13. Qb3 a6 14. a4 Rb8 15. a5 Nf4 16. Bf1 Kh7 17. Bc4 f6 18. Bg3 Nh5 19. Nh4 Re7 20. Nf1 Qe8 21. Bd3 c6 22. Rcd1 b5 23. axb6 Rxb6 24. Qa3 Nxg3 25. Nxg3 c5 26. dxc5 Nxc5 27. Bc2 Bf8 28. Nf1 Be6 29. b4 Nb7 30. Ne3 Qc8 31. Nd5 Bxd5 32. exd5 f5 33. g4 Qc4 34. h3 Rc7 35. Bb3 Qf4 36. Ng2 Qg5 37. Bc2 e4 38. h4 Qxg4 39. Rd4 Bg7 40. Bd1 Bxd4 41. cxd4 Qxg2+ 42. Kxg2 Nd8 43. Qa5 Rcb7 44. Be2 Nf7 45. Bxa6 Rxb4 46. Bxb7 Rxb7 47. Qa8 1-0

[Event "Bishan nat op"]
[Site "Bishan"]
[Date "2002.02.02"]
[Round "?"]
[White "Villamayor, Buenaventura"]
[Black "Ong, Chong Ghee"]
[Result "1/2-1/2"]
[WhiteElo "2520"]
[BlackElo "2328"]
[PlyCount "76"]
[EventDate "2002.02.02"]
[EventType "swiss (rapid)"]
[EventRounds "9"]
[EventCountry "SIN"]
[SourceTitle "EXT 2003"]
[Source "ChessBase"]
[SourceDate "2002.11.25"]
[SourceVersion "1"]
[SourceVersionDate "2002.11.25"]
[SourceQuality "1"]

1. d4 Nf6 2. Nf3 g6 3. c4 Bg7 4. Nc3 0-0 5. Bf4 d6 6. h3 Nbd7 7. e3 b6 8. Be2 Bb7 9. Qc2 Re8 10. Rd1 Qc8 11. 0-0 e5 12. dxe5 dxe5 13. Bg3 e4 14. Nd4 Ne5 15. Nd5 Nxd5 16. cxd5 Bxd5 17. Nb5 c6 18. Nd6 Qe6 19. Nxe8 Rxe8 20. b3 b5 21. Qc5 h5 22. Bxe5 Bxe5 23. Bxb5 Bd6 24. Qd4 Bb8 25. Bc4 Qd6 26. g3 Re5 27. Bxd5 Rxd5 28. Qa1 h4 29. Rxd5 cxd5 30. Rc1 f6 31. Rc8+ Kg7 32. Qc3 hxg3 33. Qc5 gxf2+ 34. Kf1 Qa6+ 35. Kxf2 Qxa2+ 36. Qc2 Qxc2+ 37. Rxc2 Kf7 38. Rc6 g5 1/2-1/2

[Event "Olympiad-34"]
[Site "Istanbul"]
[Date "2000.11.09"]
[Round "12.4"]
[White "Ong, Chong Ghee"]
[Black "Bagirov, Rufat"]
[Result "1/2-1/2"]
[WhiteElo "2342"]
[BlackElo "2471"]
[PlyCount "81"]
[EventDate "2000.10.28"]
[EventType "team-swiss"]
[EventRounds "14"]
[EventCountry "TUR"]
[SourceTitle "EXT 2001"]
[Source "ChessBase"]
[SourceDate "2000.11.22"]
[SourceVersion "1"]
[SourceVersionDate "2000.11.22"]
[SourceQuality "1"]
[WhiteTeam "Singapore"]
[BlackTeam "Azerbaijan"]
[WhiteTeamCountry "SIN"]
[BlackTeamCountry "AZE"]

1. c4 e6 2. d4 d5 3. Nf3 Nf6 4. g3 Be7 5. Bg2 0-0 6. 0-0 dxc4 7. Qc2 a6 8. a4 Bd7 9. Qxc4 Bc6 10. Bg5 Bd5 11. Qd3 c5 12. Nc3 Bc6 13. Rfd1 cxd4 14. Nxd4 Bxg2 15. Kxg2 Nbd7 16. f4 Rc8 17. e4 Qb6 18. e5 Qxb2+ 19. Nce2 Nc5 20. Qc3 Qxc3 21. Nxc3 Ng4 22. Bxe7 Ne3+ 23. Kf3 Nxd1 24. Rxd1 Rfe8 25. Bxc5 Rxc5 26. Ne4 Rd5 27. Nd6 Rb8 28. Ke4 Rc5 29. g4 h5 30. f5 Ra5 31. Ra1 b5 32. fxe6 fxe6 33. gxh5 Rxa4 34. Rg1 Kh7 35. Rg6 Rf8 36. Rxe6 Rf2 37. N6f5 Rxf5 38. Kxf5 Rxd4 39. Rxa6 Rh4 40. Rb6 Rxh5+ 41. Ke4 1/2-1/2

[Event "Olympiad-34"]
[Site "Istanbul"]
[Date "2000.10.31"]
[Round "4.4"]
[White "Ong, Chong Ghee"]
[Black "Kupreichik, Viktor D"]
[Result "0-1"]
[WhiteElo "2342"]
[BlackElo "2472"]
[PlyCount "120"]
[EventDate "2000.10.28"]
[EventType "team-swiss"]
[EventRounds "14"]
[EventCountry "TUR"]
[SourceTitle "EXT 2001"]
[Source "ChessBase"]
[SourceDate "2000.11.22"]
[SourceVersion "1"]
[SourceVersionDate "2000.11.22"]
[SourceQuality "1"]
[WhiteTeam "Singapore"]
[BlackTeam "Belarus"]
[WhiteTeamCountry "SIN"]
[BlackTeamCountry "BLR"]

1. d4 d5 2. c4 c6 3. Nf3 Nf6 4. Nc3 dxc4 5. a4 Bf5 6. e3 e6 7. Bxc4 Bb4 8. 0-0 0-0 9. Qe2 Nbd7 10. e4 Bg6 11. Bd3 Bh5 12. Bf4 Re8 13. h3 e5 14. dxe5 Bxf3 15. Qxf3 Nxe5 16. Bxe5 Rxe5 17. Ne2 g6 18. Bc2 Qe7 19. Ng3 h5 20. Qb3 h4 21. f4 Qc5+ 22. Kh1 Re7 23. e5 hxg3 24. Bxg6 Nd5 25. Be4 Kf8 26. Qxg3 Rd8 27. Qh4 Ke8 28. Bf5 Rc7 29. e6 fxe6 30. Bxe6 Qd4 31. Rad1 Qf6 32. Qh5+ Ke7 33. Bxd5 Rxd5 34. Rxd5 cxd5 35. Qxd5 Bd6 36. Qg8 Qe6 37. Qg3 Rc4 38. Qg7+ Kd8 39. Qxb7 Qe2 40. Qa8+ Rc8 41. Qf3 Qxf3 42. Rxf3 Rc1+ 43. Kh2 Rc4 44. Kg3 Rxa4 45. Kg4 Ra2 46. Rb3 a5 47. Kf5 a4 48. Rd3 Kc7 49. Rd4 Bc5 50. Re4 Kc6 51. g4 Kb5 52. g5 Rxb2 53. g6 a3 54. h4 a2 55. g7 Rg2 56. Re2 Rxe2 57. g8Q a1Q 58. Qb3+ Ka5 59. Qc4 Qb1+ 60. Kf6 Rb2 0-1

[Event "Asia-chT fin 12th"]
[Site "Shenyang"]
[Date "1999.10.11"]
[Round "3"]
[White "Ong, Chong Ghee"]
[Black "Villamayor, Buenaventura"]
[Result "0-1"]
[WhiteElo "2347"]
[BlackElo "2447"]
[PlyCount "102"]
[EventDate "1999.10.10"]
[EventType "team"]
[EventRounds "9"]
[EventCountry "CHN"]
[SourceTitle "EXT 2000"]
[Source "ChessBase"]
[SourceDate "1999.11.16"]
[SourceVersion "1"]
[SourceVersionDate "1999.11.16"]
[SourceQuality "1"]
[WhiteTeam "Singapore"]
[BlackTeam "Philippines"]
[WhiteTeamCountry "SIN"]
[BlackTeamCountry "PHI"]

1. e4 e6 2. Qe2 c5 3. g3 Nc6 4. Nf3 g6 5. Bg2 Bg7 6. d3 Nge7 7. h4 h6 8. Nbd2 d6 9. c3 Rb8 10. 0-0 0-0 11. Rd1 e5 12. d4 cxd4 13. cxd4 exd4 14. Nb3 Bg4 15. Bf4 Re8 16. Qd2 Kh7 17. Re1 Bxf3 18. Bxf3 a5 19. Bg2 a4 20. Nc1 Ne5 21. Bxe5 dxe5 22. Nd3 Nc6 23. Rac1 Bf8 24. Bh3 Bd6 25. Kg2 Qe7 26. a3 Ra8 27. h5 Kg7 28. Rh1 Rh8 29. Rce1 Na5 30. f4 Nc4 31. Qf2 Ne3+ 32. Rxe3 dxe3 33. Qxe3 Ra5 34. Bg4 Raa8 35. Rf1 exf4 36. gxf4 Rhe8 37. Qd4+ Kh7 38. e5 Bc7 39. f5 Bxe5 40. fxg6+ fxg6 41. hxg6+ Kxg6 42. Bh5+ Kxh5 43. Rf5+ Kg6 44. Qe4 Kg7 45. Nxe5 Ra6 46. Qd4 Kg8 47. Kh1 Rf6 48. Qg4+ Kh8 49. Qh4 Qg7 50. Rh5 Rfe6 51. Nf7+ Kg8 0-1

[Event "Pools schev"]
[Site "Singapore"]
[Date "1997.??.??"]
[Round "3"]
[White "Ong, Chong Ghee"]
[Black "Wong, Meng Kong"]
[Result "1/2-1/2"]
[WhiteElo "2315"]
[BlackElo "2415"]
[PlyCount "82"]
[EventDate "1997.05.31"]
[EventType "schev"]
[EventRounds "10"]
[EventCountry "SIN"]
[SourceTitle "CBM 058 Extra"]
[Source "ChessBase"]
[SourceDate "1997.07.29"]
[SourceVersion "1"]
[SourceVersionDate "1997.07.29"]
[SourceQuality "1"]

1. e4 e5 2. Nf3 Nc6 3. Bc4 Be7 4. d4 d6 5. h3 Nf6 6. Nc3 0-0 7. Be3 Nxe4 8. Nxe4 d5 9. Bxd5 Qxd5 10. Nc3 Bb4 11. 0-0 Bxc3 12. bxc3 Rd8 13. Qe2 h6 14. Rfd1 Qe4 15. Nxe5 Nxe5 16. dxe5 Be6 17. f4 c5 18. Rd2 b6 19. a3 Bc4 20. Qf2 Rd5 21. Rad1 Re8 22. Kh2 Rxd2 23. Rxd2 Bb5 24. Rd6 Kh7 25. Qd2 Re7 26. Bf2 Ba4 27. Bh4 Rb7 28. Qd3 Bxc2 29. Qxe4+ Bxe4 30. Bd8 Bc2 31. g4 Ba4 32. Kg3 Kg8 33. f5 Kf8 34. Kf4 Ke8 35. Bh4 Rd7 36. Rxd7 Kxd7 37. Bg3 Bc6 38. h4 Ba4 39. h5 Bd1 40. Bh4 Ke8 41. Bg3 Kf8 1/2-1/2

[Event "Olympiad-31"]
[Site "Moscow"]
[Date "1994.12.15"]
[Round "13.2"]
[White "Daly, Colm"]
[Black "Ong, Chong Ghee"]
[Result "1-0"]
[WhiteElo "2265"]
[BlackElo "2305"]
[PlyCount "76"]
[EventDate "1994.12.01"]
[EventType "team-swiss"]
[EventRounds "14"]
[EventCountry "RUS"]
[SourceTitle "CBM 045"]
[Source "ChessBase"]
[SourceDate "1995.04.01"]
[SourceVersion "1"]
[SourceVersionDate "1995.04.01"]
[SourceQuality "1"]
[WhiteTeam "Ireland"]
[BlackTeam "Singapore"]
[WhiteTeamCountry "IRL"]
[BlackTeamCountry "SIN"]

1. c4 g6 2. g3 Bg7 3. Bg2 e5 4. Nc3 d6 5. Rb1 f5 6. d3 h6 7. b4 Nf6 8. e3 0-0 9. Nge2 g5 10. f4 Nc6 11. b5 Ne7 12. 0-0 Ng6 13. a4 Rb8 14. Qd2 gxf4 15. exf4 exf4 16. Nxf4 Nxf4 17. Rxf4 Ng4 18. Nd5 Bd7 19. Bb2 Ne5 20. Rff1 c6 21. Nf4 Kh7 22. Rbe1 a6 23. bxa6 bxa6 24. Ba1 c5 25. Rb1 Qe7 26. a5 Rxb1 27. Rxb1 Re8 28. Nd5 Qg5 29. Qxg5 hxg5 30. Nc7 Re7 31. Nxa6 f4 32. Be4+ Kh6 33. Nb8 Bg4 34. Bxe5 Bxe5 35. Nc6 Bd4+ 36. Nxd4 cxd4 37. Rb7 Rxe4 38. dxe4 d3 1-0

[Event "Olympiad-31"]
[Site "Moscow"]
[Date "1994.12.10"]
[Round "9.2"]
[White "Ong, Chong Ghee"]
[Black "Hernandez Basante, Francisco"]
[Result "1-0"]
[WhiteElo "2305"]
[BlackElo "2245"]
[PlyCount "69"]
[EventDate "1994.12.01"]
[EventType "team-swiss"]
[EventRounds "14"]
[EventCountry "RUS"]
[SourceTitle "CBM 045"]
[Source "ChessBase"]
[SourceDate "1995.04.01"]
[SourceVersion "1"]
[SourceVersionDate "1995.04.01"]
[SourceQuality "1"]
[WhiteTeam "Singapore"]
[BlackTeam "Costa Rica"]
[WhiteTeamCountry "SIN"]
[BlackTeamCountry "CRI"]

1. e4 c5 2. Nf3 d6 3. Bb5+ Bd7 4. Bxd7+ Qxd7 5. 0-0 Nc6 6. c3 Nf6 7. d4 Nxe4 8. d5 Ne5 9. Nxe5 dxe5 10. Re1 Nd6 11. Rxe5 g6 12. Re2 Bg7 13. Bg5 0-0 14. Bxe7 Rfe8 15. Bxd6 Rxe2 16. Qxe2 Re8 17. Qd2 Bh6 18. Qd1 Qxd6 19. Na3 b5 20. Nxb5 Qb6 21. Qb3 Re2 22. Na3 Rd2 23. Nc4 Qxb3 24. axb3 Rxd5 25. Kf1 Rd7 26. Ra5 Rb7 27. Ke2 Bf8 28. g4 f6 29. f4 Kf7 30. Kf3 Rd7 31. Ra6 Be7 32. Ke4 Ke8 33. h4 h6 34. h5 Kf7 35. hxg6+ 1-0

[Event "Asia-chT fin 10th"]
[Site "Kuala Lumpur"]
[Date "1993.06.??"]
[Round "7"]
[White "Ong, Chong Ghee"]
[Black "Ahmad, Nazir"]
[Result "1-0"]
[WhiteElo "2347"]
[BlackElo "2225"]
[PlyCount "85"]
[EventDate "1993.06.??"]
[EventType "team"]
[EventRounds "9"]
[EventCountry "MAS"]
[SourceTitle "EXT 1998"]
[Source "ChessBase"]
[SourceDate "1997.11.17"]
[SourceVersion "1"]
[SourceVersionDate "1997.11.17"]
[SourceQuality "1"]
[WhiteTeam "Singapore"]
[BlackTeam "Malaysia III"]
[WhiteTeamCountry "SIN"]
[BlackTeamCountry "MAS"]

1. d4 Nf6 2. Nf3 g6 3. Bf4 Bg7 4. e3 0-0 5. Be2 d6 6. h3 Nbd7 7. 0-0 c5 8. c3 b6 9. a4 Bb7 10. a5 Re8 11. Bh2 Ne4 12. a6 Bc8 13. Bb5 Qc7 14. Qa4 Rd8 15. Na3 Ndf6 16. Bc6 Bd7 17. Bxd7 Qxd7 18. Qxd7 Rxd7 19. Nb5 Nd5 20. Rfd1 Nc7 21. Nxc7 Rxc7 22. Ne1 f5 23. Nc2 Rb8 24. f3 Nf6 25. g4 Kf7 26. Kf2 Rcc8 27. Ke2 h5 28. g5 Nd7 29. Na3 b5 30. b4 c4 31. Nc2 Rd8 32. Ra5 Rb6 33. Na3 Rdb8 34. Kd2 Bf8 35. e4 e6 36. d5 Ne5 37. Rf1 Be7 38. f4 Nd3 39. dxe6+ Kxe6 40. exf5+ gxf5 41. Bg1 Rc6 42. Nxb5 Bd8 43. Nd4+ 1-0

[Event "California op"]
[Site "California"]
[Date "1992.??.??"]
[Round "?"]
[White "Brown, Doug"]
[Black "Ong, Chong Ghee"]
[Result "1-0"]
[WhiteElo "2240"]
[BlackElo "2205"]
[PlyCount "75"]
[EventDate "1992.??.??"]
[EventType "swiss"]
[EventRounds "11"]
[EventCountry "USA"]
[SourceTitle "EXT 2000"]
[Source "ChessBase"]
[SourceDate "1999.11.16"]
[SourceVersion "1"]
[SourceVersionDate "1999.11.16"]
[SourceQuality "1"]

1. e4 e5 2. Nf3 Nc6 3. Bc4 Nf6 4. d3 Be7 5. 0-0 0-0 6. Nc3 d6 7. h3 Be6 8. Bxe6 fxe6 9. Be3 d5 10. exd5 exd5 11. d4 e4 12. Ne5 Qe8 13. f3 Bd6 14. f4 Rd8 15. Qe2 Nh5 16. Qb5 Rb8 17. Qxd5+ Kh8 18. Nxe4 Rd8 19. Qb5 Bxe5 20. dxe5 Qg6 21. Ng5 h6 22. Nf3 Nxf4 23. Bxf4 Rxf4 24. Qxb7 Nd4 25. Nxd4 Rdxd4 26. Qxc7 Rd2 27. Qb7 Re4 28. Rf2 Ree2 29. Rxe2 Rxe2 30. Rf1 Rxe5 31. Rf8+ Kh7 32. Qb8 Re1+ 33. Kh2 Qe6 34. Rc8 Qxa2 35. c4 Rb1 36. Qa8 Qxb2 37. Qe4+ g6 38. Rc7+ 1-0

[Event "Oakham YM"]
[Site "Oakham"]
[Date "1992.??.??"]
[Round "7"]
[White "Ong, Chong Ghee"]
[Black "Kogan, Artur"]
[Result "1/2-1/2"]
[WhiteElo "2205"]
[BlackElo "2370"]
[PlyCount "68"]
[EventDate "1992.03.??"]
[EventType "swiss"]
[EventRounds "9"]
[EventCountry "ENG"]
[SourceTitle "CBM 030"]
[Source "ChessBase"]
[SourceDate "1992.10.01"]
[SourceVersion "1"]
[SourceVersionDate "1992.10.01"]
[SourceQuality "1"]

1. e4 e5 2. Nf3 Nc6 3. d4 exd4 4. Bc4 Nf6 5. 0-0 Nxe4 6. Re1 d5 7. Bxd5 Qxd5 8. Nc3 Qa5 9. Nxe4 Be6 10. Bd2 Bb4 11. Nxd4 Nxd4 12. c3 0-0-0 13. cxb4 Qd5 14. Rc1 Kb8 15. Bf4 Rc8 16. Rc5 Qd7 17. Nd6 Nf3+ 18. Qxf3 cxd6 19. Qg3 Ka8 20. Bxd6 Rhd8 21. Rec1 Rb8 22. Rd1 Qa4 23. Qf3 Qxb4 24. Bxb8 Rxd1+ 25. Qxd1 Qxc5 26. Bf4 Qd5 27. Qxd5 Bxd5 28. a3 b5 29. Be5 f6 30. Bc3 Kb7 31. f4 Kc6 32. Kf2 Kc5 33. g4 Be4 34. Ke3 Kd5 1/2-1/2

[Event "Kuala Lumpur op"]
[Site "Kuala Lumpur"]
[Date "1992.??.??"]
[Round "6"]
[White "Ravi, Lanka"]
[Black "Ong, Chong Ghee"]
[Result "1-0"]
[WhiteElo "2370"]
[BlackElo "2205"]
[PlyCount "135"]
[EventDate "1992.??.??"]
[EventType "swiss"]
[EventRounds "9"]
[EventCountry "MAS"]
[SourceTitle "CBM 031 Extra"]
[Source "ChessBase"]
[SourceDate "1993.01.01"]
[SourceVersion "1"]
[SourceVersionDate "1993.01.01"]
[SourceQuality "1"]

1. Nf3 Nf6 2. d4 g6 3. c4 Bg7 4. g3 0-0 5. Bg2 d6 6. 0-0 Nbd7 7. Nc3 e5 8. e4 exd4 9. Nxd4 Re8 10. h3 a6 11. Be3 Rb8 12. a4 Nc5 13. Qc2 a5 14. Rad1 Qe7 15. Rfe1 c6 16. Kh2 Nfd7 17. f4 h5 18. Bf2 Nf8 19. Nf3 Be6 20. b3 Rbd8 21. Bd4 Bxd4 22. Nxd4 Qf6 23. e5 dxe5 24. fxe5 Qg5 25. h4 Qe7 26. Bf3 Rd7 27. Nce2 Red8 28. Qc3 Bg4 29. Bxg4 hxg4 30. Nf4 Nxb3 31. Qxb3 Rxd4 32. Rxd4 Rxd4 33. Qc3 Qc5 34. e6 fxe6 35. Nxe6 Nxe6 36. Rxe6 Qxc4 37. Qe1 Qc2+ 38. Re2 Re4 39. Rxc2 Rxe1 40. Rc4 Re2+ 41. Kg1 Rb2 42. Rxg4 Kf7 43. Rf4+ Kg7 44. Rd4 b5 45. Kf1 b4 46. Ke1 Rg2 47. Kd1 b3 48. Kc1 Rc2+ 49. Kb1 c5 50. Rd5 Kf6 51. g4 Ke6 52. Rg5 Kd6 53. Rxg6+ Ke5 54. h5 Rh2 55. h6 c4 56. Rg5+ Ke4 57. Rh5 Rd2 58. Rc5 Kf4 59. h7 Rd8 60. g5 c3 61. Rxc3 Kxg5 62. Rh3 Rh8 63. Kb2 Kf6 64. Kxb3 Ke6 65. Kc4 Kd7 66. Kb5 Kd6 67. Kxa5 Kc6 68. Kb4 1-0

[Event "Kuala Lumpur op"]
[Site "Kuala Lumpur"]
[Date "1992.??.??"]
[Round "9"]
[White "Wohl, Aleksandar H"]
[Black "Ong, Chong Ghee"]
[Result "1/2-1/2"]
[WhiteElo "2280"]
[BlackElo "2205"]
[PlyCount "60"]
[EventDate "1992.??.??"]
[EventType "swiss"]
[EventRounds "9"]
[EventCountry "MAS"]
[SourceTitle "CBM 031 Extra"]
[Source "ChessBase"]
[SourceDate "1993.01.01"]
[SourceVersion "1"]
[SourceVersionDate "1993.01.01"]
[SourceQuality "1"]

1. e4 e5 2. Nf3 Nc6 3. Bb5 f5 4. d3 fxe4 5. dxe4 Nf6 6. 0-0 Bc5 7. Bg5 d6 8. Nc3 0-0 9. Nd5 Kh8 10. c3 Ne7 11. Nxf6 gxf6 12. Bh6 Rg8 13. Bc4 Rg6 14. Qd2 Ng8 15. Be3 Bb6 16. Bxb6 axb6 17. Ne1 Bd7 18. Nc2 Bc6 19. f3 Ne7 20. Ne3 Qd7 21. Bf7 Rg7 22. Bh5 d5 23. Rad1 Rd8 24. Qf2 d4 25. cxd4 exd4 26. Ng4 Ng8 27. e5 Rg5 28. Qh4 Qf5 29. Bf7 fxe5 30. Bc4 e4 1/2-1/2

[Event "Asia-chT fin 09th"]
[Site "Penang"]
[Date "1991.10.29"]
[Round "5"]
[White "Wang, Zili"]
[Black "Ong, Chong Ghee"]
[Result "1-0"]
[WhiteElo "2495"]
[BlackElo "2240"]
[PlyCount "93"]
[EventDate "1991.10.24"]
[EventType "team"]
[EventRounds "9"]
[EventCountry "MAS"]
[SourceTitle "EXT 1997"]
[Source "ChessBase"]
[SourceDate "1996.11.15"]
[SourceVersion "1"]
[SourceVersionDate "1996.11.15"]
[SourceQuality "1"]
[WhiteTeam "China"]
[BlackTeam "Singapore"]
[WhiteTeamCountry "CHN"]
[BlackTeamCountry "SIN"]

1. e4 g6 2. d4 Bg7 3. Nc3 d6 4. Be3 Nd7 5. Qd2 a6 6. a4 b6 7. Bc4 Bb7 8. Nge2 e6 9. f3 Ngf6 10. Bb3 Qe7 11. 0-0 0-0 12. Bg5 c5 13. Rad1 cxd4 14. Qxd4 h6 15. Bxf6 Bxf6 16. Qxd6 Qxd6 17. Rxd6 Nc5 18. Rxb6 Bd8 19. Rd6 Bc7 20. Rdd1 Nxb3 21. cxb3 a5 22. Rd7 Bb6+ 23. Kh1 Ba6 24. Rfd1 Rfd8 25. g3 Kf8 26. Kg2 Ke8 27. Rxd8+ Rxd8 28. Rxd8+ Kxd8 29. Kf1 Kd7 30. Ke1 f6 31. Kd2 g5 32. Nd1 Bc5 33. Ne3 Bb4+ 34. Nc3 h5 35. Nc4 h4 36. gxh4 gxh4 37. h3 Kc6 38. Kd3 Kc5 39. e5 f5 40. Ne2 Bb7 41. Nd4 Bc8 42. f4 Be1 43. Ke3 Bd7 44. Nf3 Bg3 45. Nxa5 Kb4 46. Nc4 Kxb3 47. Nb6 1-0

[Event "Asia-chT fin 09th"]
[Site "Penang"]
[Date "1991.10.26"]
[Round "3"]
[White "Abdul Karim, Al Audari"]
[Black "Ong, Chong Ghee"]
[Result "0-1"]
[WhiteElo "2205"]
[BlackElo "2240"]
[PlyCount "64"]
[EventDate "1991.10.24"]
[EventType "team"]
[EventRounds "9"]
[EventCountry "MAS"]
[SourceTitle "EXT 1997"]
[Source "ChessBase"]
[SourceDate "1996.11.15"]
[SourceVersion "1"]
[SourceVersionDate "1996.11.15"]
[SourceQuality "1"]
[WhiteTeam "Yemen"]
[BlackTeam "Singapore"]
[WhiteTeamCountry "YEM"]
[BlackTeamCountry "SIN"]

1. e4 Nf6 2. Nc3 d5 3. exd5 Nxd5 4. d4 g6 5. Nf3 Nxc3 6. bxc3 Bg7 7. Bc4 0-0 8. 0-0 c5 9. Bg5 Qc7 10. Qe2 cxd4 11. Nxd4 a6 12. Rad1 e6 13. Qd3 Nc6 14. Bb3 b5 15. Rfe1 Bb7 16. Nf3 Na5 17. Nd4 Rfe8 18. Qg3 Qxg3 19. hxg3 h6 20. Bc1 Rac8 21. Bb2 Nc4 22. Bxc4 Rxc4 23. Ne2 b4 24. Rb1 Be4 25. Nd4 bxc3 26. Bxc3 Bxd4 27. Rxe4 Bxf2+ 28. Kxf2 Rxe4 29. Bf6 Rc4 30. c3 Rc6 31. Re1 e5 32. Bxe5 Rce6 0-1

[Event "Wch U20 30th"]
[Site "Mamaia"]
[Date "1991.??.??"]
[Round "?"]
[White "Ong, Chong Ghee"]
[Black "Le Quang, Kim"]
[Result "1/2-1/2"]
[WhiteElo "2240"]
[BlackElo "2280"]
[PlyCount "29"]
[EventDate "1991.08.??"]
[EventType "swiss"]
[EventRounds "13"]
[EventCountry "ROU"]
[SourceTitle "EXT 2002"]
[Source "ChessBase"]
[SourceDate "2001.11.25"]
[SourceVersion "1"]
[SourceVersionDate "2001.11.25"]
[SourceQuality "1"]

1. d4 Nf6 2. Nf3 g6 3. c4 Bg7 4. Nc3 0-0 5. e4 d6 6. Be2 e5 7. dxe5 dxe5 8. Qxd8 Rxd8 9. Bg5 Nbd7 10. 0-0-0 Rf8 11. Ne1 Nc5 12. f3 Be6 13. Be3 b6 14. g3 c6 15. Nc2 1/2-1/2

[Event "Wch U20 30th"]
[Site "Mamaia"]
[Date "1991.??.??"]
[Round "?"]
[White "Ong, Chong Ghee"]
[Black "Stavru, Alessandro"]
[Result "1-0"]
[WhiteElo "2240"]
[BlackElo "2245"]
[PlyCount "119"]
[EventDate "1991.08.??"]
[EventType "swiss"]
[EventRounds "13"]
[EventCountry "ROU"]
[SourceTitle "EXT 2002"]
[Source "ChessBase"]
[SourceDate "2001.11.25"]
[SourceVersion "1"]
[SourceVersionDate "2001.11.25"]
[SourceQuality "1"]

1. d4 d5 2. c4 e6 3. Nc3 Nf6 4. cxd5 exd5 5. Bg5 Be7 6. e3 c6 7. Bd3 0-0 8. Qc2 Nbd7 9. Nf3 Re8 10. 0-0 Nf8 11. h3 Ne4 12. Bxe7 Qxe7 13. Rab1 a5 14. a3 Ng6 15. b4 axb4 16. axb4 Nh4 17. Nxh4 Qxh4 18. Ra1 Bf5 19. b5 Nxc3 20. Qxc3 Bxd3 21. Qxd3 Qf6 22. Qb3 Qd6 23. Rfc1 Rxa1 24. Rxa1 cxb5 25. Qxb5 Qc6 26. Rb1 Rd8 27. Qxb7 Qxb7 28. Rxb7 g5 29. g4 Rd6 30. Kg2 Kg7 31. Kg3 Kf6 32. h4 h6 33. Rb8 Ra6 34. Rd8 Ke6 35. Re8+ Kd6 36. Re5 f6 37. Re8 gxh4+ 38. Kxh4 Ra1 39. Kg3 Rh1 40. Rh8 Ke7 41. Kf4 Rh3 42. Rh7+ Ke6 43. f3 Kd6 44. e4 Ke6 45. e5 Rh1 46. Ra7 fxe5+ 47. dxe5 h5 48. Ra6+ Ke7 49. gxh5 Rh4+ 50. Kg5 Rh3 51. f4 d4 52. Rd6 Rd3 53. h6 Kf7 54. Kf5 Rd1 55. Rd7+ Kg8 56. Kg6 Rg1+ 57. Kf6 Rd1 58. e6 Kh8 59. e7 Re1 60. Rd8+ 1-0

[Event "Wch U20 30th"]
[Site "Mamaia"]
[Date "1991.??.??"]
[Round "?"]
[White "Sinowjew, Juri"]
[Black "Ong, Chong Ghee"]
[Result "1-0"]
[WhiteElo "2305"]
[BlackElo "2240"]
[PlyCount "65"]
[EventDate "1991.08.??"]
[EventType "swiss"]
[EventRounds "13"]
[EventCountry "ROU"]
[SourceTitle "CBM 025 Extra"]
[Source "ChessBase"]
[SourceDate "1992.01.01"]
[SourceVersion "1"]
[SourceVersionDate "1992.01.01"]
[SourceQuality "1"]

1. e4 e5 2. Nf3 Nc6 3. Bb5 f5 4. d3 fxe4 5. dxe4 Nf6 6. Nc3 Bb4 7. Qd3 d6 8. 0-0 Bxc3 9. Qxc3 Bd7 10. Qd3 0-0 11. Bg5 Qe8 12. Bxc6 bxc6 13. Nd2 Nh5 14. Nc4 Qg6 15. Bd2 Rf4 16. Nxe5 dxe5 17. Qxd7 Rg4 18. g3 Rf8 19. Rae1 Rf3 20. Qd8+ Rf8 21. Qd3 Nf4 22. Bxf4 exf4 23. e5 Qh5 24. e6 h6 25. e7 Re8 26. Qd7 f3 27. Re3 Rf4 28. Rd1 Kh7 29. Qxe8 Qxe8 30. Rd8 Qh5 31. e8Q Qh3 32. Qg8+ Kg6 33. Re6+ 1-0